000 00549 a2200169 4500
020 _a0534423620
020 _a0534380581
040 _aDLC
_bDLC
100 1 _aWinston, Wayne L.
245 1 0 _aOperations research: applications and algorithms
_bapplications and algorithms
_cWinston, Wayne L.
250 _a4th ed.
260 _aAustralia ;
_aBelmont, CA :
_bThomson Brooks/Cole,
_cc2004.
300 _axvi, 1418 p. :
_bill. ;
_c26 cm. +
_e1 CD-ROM (4 3/4 in.)
650 0 _aOperations research.
700 1 _aGoldberg, Jeffrey B.
942 _cBK
_2ddc
999 _c486389
_d486389